50 films à remplir - 2017 - Statistiques

Statistiques générales
  • Ce quiz a été pris 220 fois
  • Le résultat moyen est 33 sur 50
Statistiques - réponses
Hint Réponse % Correct
La Belle et la ... Bête
89%
... battements par minute 120
88%
Les ... et le Village perdu Schtroumpfs
87%
....com Alibi
85%
L'École ... Buissonière
84%
Le ... de l'Orient-Express Crime
84%
Star Wars, épisode VIII : Les Derniers ... Jedi
84%
... : Bienvenue dans la jungle Jumanji
84%
Un ... de billes Sac
84%
Cinquante nuances plus ... Sombres
84%
... Boss Baby
83%
Les Gardiens de la Galaxie Vol. ... 2
82%
Le Sens de la ... Fête
82%
Épouse-moi mon ... Pote
82%
... : Alerte à Malibu Baywatch
81%
Spider-Man: ... Homecoming
80%
Justice ... League
80%
Au ... là-haut Revoir
80%
... Woman Wonder
80%
... (de Pixar) Coco
77%
The Greatest ... Showman
76%
Pirates des Caraïbes : La Vengeance de ... Salazar
75%
Thor : ... Ragnarok
73%
Blade Runner ... 2049
72%
... dingue Raid
67%
Moi, moche et méchant ... 3
66%
Baby ... Driver
66%
... Out Get
66%
... (de Christopher Nolan) Dunkerque
65%
... : Le Cercle d'or
Kingsman
65%
... 2 : La Création du mal Annabelle
64%
La ... Momie
62%
La Planète des singes : ... Suprématie
60%
... (avec Hugh Jackman) Logan
59%
Ghost in the ... Shell
59%
...: Skull Island Kong
57%
Lego ..., le film Batman
55%
Transformers: The Last ... Knight
55%
... Sisters Seven
52%
... : chapitre 1 Ça
51%
...: Covenant Alien
46%
... (de Bong Joon-Ho) Okja
45%
... et Cie Santa
45%
Wind ... River
41%
... 2 Paddington
40%
Good ... Time
40%
A ... Story Ghost
39%
... (de Julia Ducournau) Grave
34%
The Lost City of ... Z
32%
...! Mother
20%
Aucun quiz correspondant
Distribution des résultats
% des personnes avec chaque résultat
Percentile par nombre de réponses
Votre historique - résultats
Vous n’avez pas pris ce quiz